000 00920cam a2200265 4500
001 ABS63434
008 000000n2001 000 0 eng u
035 _a(Sirsi) u110607
100 _aAlsalman, A.
245 _aEffects of electric power lines on the accuracy of GPS positioning
260 _c2001
490 _aSurvey Review
_v36(279) January 2001, 54-61(8)
520 _aExamines a recent study into which concluded that there is no statistical evidence to suggest that high voltage power lines affect GPS satellite signals and consequently GPS positioning. Includes graphs, tables and references.
590 _aABS
650 _aELECTRIC CABLES
650 _aELECTRICITY CABLES
650 _aELECTRICITY LINES
650 _aELECTRICITY POWER LINES
650 _aELECTROMAGNETIC FIELDS
650 _aGPS
650 _aGPS DATA
650 _aGPS SURVEYS
690 _aGEOMATICS-GPS
942 _n0
999 _c65915
_d65915